Countries In Order By When They Left The USSR - Statistics

General Stats
  • This quiz has been taken 118 times
  • The average score is 9 of 15
Answer Stats
# Country Date % Correct
1 Lithuania March 11, 1990
93%
3 Estonia August 20, 1991
73%
2 Georgia April 9, 1991
73%
4 Latvia August 21, 1991
73%
5 Ukraine August 24, 1991
68%
6 Byelorussia August 25, 1991
67%
15 Kazakhstan December 16, 1991
62%
14 Russian Federation December 12, 1991
59%
7 Moldova August 27, 1991
55%
8 Kyrgyzstan August 31, 1991
53%
9 Uzbekistan September 1, 1991
53%
11 Armenia September 21, 1991
51%
12 Azerbaijan October 18, 1991
51%
10 Tajikistan September 9, 1991
51%
13 Turkmenistan October 27, 1991
51%
No matching quizzes found
Score Distribution
Percent of People with Each Score
Percentile by Number Answered
Your Score History
You have not taken this quiz